Savings in Chile: what went right
Tallennettuna:
| Päätekijä: | |
|---|---|
| Aineistotyyppi: | Kirja |
| Kieli: | englanti |
| Julkaistu: |
Santiago
ILADES
1996
|
| Sarja: | Programa de Postgrado en Economía
|
| Aiheet: | |
| Tagit: |
Lisää tagi
Ei tageja, Lisää ensimmäinen tagi!
|
MARC
| LEADER | 00000nam a2200000 a 4500 | ||
|---|---|---|---|
| 001 | UCS0805 | ||
| 003 | CL-VaPUC | ||
| 008 | 970428e19960000CL |||||||||||||||||eng|d | ||
| 082 | 0 | 4 | |a 336.018 |b MOR |2 21 |
| 100 | |a Morandé Lavín, Felipe Guillermo |e autor |9 562483 | ||
| 245 | 1 | 0 | |a Savings in Chile: what went right |
| 300 | |a 24 p | ||
| 942 | |c BK | ||
| 945 | |d 19970428 00:00:00 |a rbrito | ||
| 260 | |a Santiago |b ILADES |c 1996 | ||
| 650 | 0 | |a Economía |9 255568 | |
| 650 | 0 | |a Desarrollo económico |9 259599 | |
| 650 | 7 | |a EFECTO TEQUILA |2 CL-VaPUC |9 384627 | |
| 650 | 0 | |a Inflación |9 257218 | |
| 651 | 7 | |a CHILE |2 CL-VaPUC |9 384628 | |
| 583 | |a last modification |c 19970428 00:00:00 |k Rodrigo Vera | ||
| 490 | 0 | |a Programa de Postgrado en Economía | |
| 999 | |c 258980 |d 258978 | ||